=LDR 00000nam 2200000 4500 =001 INLIS000000000021089 =005 20130612120001 =008 ***********************************Ind** =035 ##$$0010-061300000021089 =041 ##$$a Ind =082 ##$$a F.Rom.K =090 ##$$a F.Rom.K, Ani b =100 ##$$a Anisah, Wuly =245 ##$$a Bila aku tersesat =260 ##$$a 2001 $b Bandung =300 ##$$a 22 hlm, ilus, 18 cm =650 ##$$a Fiksi anak =850 ##$$a NBPNMAT =990 ##$$a 12351235 =990 ##$$a 01201901235